000 00342nam a2200109Ia 4500
008 171211s9999 xx 000 0 und d
245 _aSchool Music Education and Social Change in Mainland China, Hong Kong and Taiwan
245 _cWai-chung Ho
260 _c2010
650 _xmusic
856 _uhttp://down.ebook777.com/063/9789004189171.pdf
999 _c348634
_d348634